|
|
|
|
| LEADER |
00000ccm a2200000 a 4500 |
| 001 |
vtls010282430 |
| 003 |
SK-MaSNL |
| 005 |
20260331205828.0 |
| 007 |
qu |
| 008 |
110531s2007 xo zzgeg u slo |
| 024 |
2 |
|
|a 9790685010197 (brož.)
|
| 040 |
|
|
|a SNK
|b slo
|c SNK
|e AACR2
|
| 041 |
0 |
|
|a slo
|
| 044 |
|
|
|a xo
|c SK
|
| 048 |
|
|
|a wi01
|a ka01
|
| 072 |
|
7 |
|a 788
|x Hudba pre dychové nástroje
|2 konspekt
|
| 080 |
|
|
|a 788.43.083
|2 2001
|
| 080 |
|
|
|a 78.089.6
|2 2001
|
| 084 |
|
|
|a 1.2.2
|2 snlmc
|
| 100 |
1 |
|
|a Jenča, Ján
|4 cmp
|9 295085
|
| 245 |
1 |
0 |
|a Pár a nepár
|h hudobnina
|b sólo pre Es alt saxofón a klavír
|c Ján Jenča ; [noty písal Róbert Tatár]
|
| 254 |
|
|
|a Partitúra
|
| 260 |
|
|
|a Banská Bystrica
|b Róbert Tatár - PRESTO
|c 2007
|
| 300 |
|
|
|a 1 partitúra (4 s.)
|c 30 cm
|
| 382 |
|
|
|a saxofón, klavír
|
| 650 |
0 |
7 |
|a drobné skladby (saxofón, klavír)
|2 SNKPH
|9 748427
|
| 650 |
0 |
7 |
|a Small music pieces (saxophone, piano)
|2 SNKPHeng
|9 748428
|
| 655 |
|
7 |
|a partitúry
|2 SNKPH
|9 70123
|
| 655 |
|
7 |
|a Scores
|2 SNKPHeng
|9 285331
|
| 700 |
1 |
|
|a Tatár, Róbert,
|d 1947-
|4 oth
|9 108481
|
| 852 |
|
|
|a Štátna vedecká knižnica v Banskej Bystrici
|
| 919 |
|
|
|a 979-0-68501-019-7
|
| 999 |
|
|
|c 1179021
|d 1180951
|
| 952 |
|
|
|a SNK
|b SNK
|y PREZ
|7 0
|p 17A1061028
|o snkHSB 4530/[A]
|i snk2013/2575
|8 1
|0 0
|1 0
|4 0
|d 2013-02-04
|l 0
|r 2026-02-24 21:32:50
|w 2026-02-24
|
| 952 |
|
|
|a SNK
|b SNK
|y VYP
|7 0
|p 17A1061029
|o snkHSB 4530/[A] D1
|i snk2013/2576
|8 1
|0 0
|1 0
|4 0
|d 2013-02-04
|l 0
|r 2026-02-24 21:32:50
|w 2026-02-24
|